000
00254nam a2200097Ia 4500
001
679757
005
20250826161102.0
008
250824s9999 xx 000 0 und d
245
0
_a
İNSAN KENDİNE İYİ GELİR
_c
AHMET BÜKE
260
_b
GÜNIŞIĞI YAYINLARI
999
_c
679757
_d
679757